[Event "Hastings Masters 2016/17"]
[Site "Hastings, England"]
[Date "2017.01.02"]
[Round "6.31"]
[White "Ramsdal, Jens Albert"]
[Black "Dilleigh, Stephen P"]
[Result "1-0"]
[WhiteElo "2190"]
[BlackElo "2038"]
[PlyCount "0"]
[EventDate "2016.12.28"]

1. e4 {[%clk 1:25:25]} e6 {[%clk 1:40:50]} 2. d4 {[%clk 1:25:46]} d5
{[%clk 1:41:10]} 3. Nd2 {[%clk 1:26:13]} c5 {[%clk 1:41:29]} 4. exd5
{[%clk 1:26:36]} Qxd5 {[%clk 1:41:48]} 5. Ngf3 {[%clk 1:27:02]} cxd4
{[%clk 1:41:58]} 6. Bc4 {[%clk 1:27:28]} Qd6 {[%clk 1:42:13]} 7. Nb3
{[%clk 1:27:54]} Qb4+ {[%clk 1:40:31]} 8. Nfd2 {[%clk 1:28:22]} Nc6
{[%clk 1:36:12]} 9. O-O {[%clk 1:28:20]} Nf6 {[%clk 1:36:13]} 10. Re1
{[%clk 1:24:14]} Be7 {[%clk 1:31:12]} 11. Bf1 {[%clk 1:23:33]} O-O
{[%clk 1:23:16]} 12. Nc4 {[%clk 1:23:54]} Rd8 {[%clk 1:13:40]} 13. Bf4
{[%clk 1:17:04]} Bf8 {[%clk 1:05:17]} 14. Qf3 {[%clk 1:05:55]} Nd5
{[%clk 0:57:11]} 15. Bg3 {[%clk 1:03:56]} Qe7 {[%clk 0:53:24]} 16. Ne5
{[%clk 0:35:00]} Ndb4 {[%clk 0:46:47]} 17. Nxc6 {[%clk 0:24:48]} Nxc6
{[%clk 0:46:45]} 18. Rad1 {[%clk 0:24:40]} Bd7 {[%clk 0:29:31]} 19. Qe4
{[%clk 0:11:33]} f5 {[%clk 0:26:19]} 20. Qf3 {[%clk 0:12:00]} Qf6
{[%clk 0:26:05]} 21. Bc4 {[%clk 0:11:21]} Kh8 {[%clk 0:24:51]} 22. Re2
{[%clk 0:04:39]} Rac8 {[%clk 0:23:08]} 23. h4 {[%clk 0:02:10]} a6
{[%clk 0:20:13]} 24. a4 {[%clk 0:02:11]} Bb4 {[%clk 0:19:30]} 25. Bf4
{[%clk 0:00:58]} h6 {[%clk 0:19:36]} 26. Qg3 {[%clk 0:01:14]} e5 {[%clk 0:17:53]}
27. Rxe5 {[%clk 0:01:08]} Nxe5 {[%clk 0:16:26]} 28. Bxe5 {[%clk 0:01:37]} Qf8
{[%clk 0:16:47]} 29. Rxd4 {[%clk 0:01:37]} Be7 {[%clk 0:13:17]} 30. Bc7
{[%clk 0:00:57]} Bf6 {[%clk 0:13:03]} 31. Rd3 {[%clk 0:00:50]} Qe7
{[%clk 0:11:24]} 32. Bxd8 {[%clk 0:00:41]} Rxd8 {[%clk 0:10:56]} 33. c3
{[%clk 0:00:34]} Bxa4 {[%clk 0:06:15]} 34. Rxd8+ {[%clk 0:00:45]} Qxd8
{[%clk 0:06:37]} 35. Nd4 {[%clk 0:01:14]} Bd7 {[%clk 0:04:04]} 36. h5
{[%clk 0:01:06]} Qe8 {[%clk 0:03:59]} 37. Qf3 {[%clk 0:00:46]} Qe1+
{[%clk 0:03:30]} 38. Kh2 {[%clk 0:01:00]} Be5+ {[%clk 0:03:08]} 39. g3
{[%clk 0:01:29]} Bxd4 {[%clk 0:02:55]} 40. cxd4 {[%clk 0:01:45]} Qe8
{[%clk 0:00:43]} 41. Qxb7 {[%clk 0:42:11]} Qxh5+ {[%clk 0:45:48]} 42. Kg2
{[%clk 0:41:02]} Qe8 {[%clk 0:44:03]} 43. Bd5 {[%clk 0:38:55]} Bb5
{[%clk 0:32:09]} 44. Qf7 {[%clk 0:34:43]} Qxf7 {[%clk 0:29:48]} 45. Bxf7
{[%clk 0:35:10]} g5 {[%clk 0:29:34]} 46. Be6 {[%clk 0:34:43]} Bd3
{[%clk 0:27:51]} 47. Kf3 {[%clk 0:34:54]} Kg7 {[%clk 0:26:58]} 48. Ke3
{[%clk 0:34:50]} Kf6 {[%clk 0:23:28]} 49. d5 {[%clk 0:20:18]} Bb5
{[%clk 0:19:40]} 50. f4 {[%clk 0:17:19]} a5 {[%clk 0:15:04]} 51. Bc8
{[%clk 0:14:41]} Ba4 {[%clk 0:12:06]} 52. d6 {[%clk 0:14:18]} Bc2
{[%clk 0:11:58]} 53. fxg5+ {[%clk 0:09:43]} hxg5 {[%clk 0:12:16]} 54. Kd4
{[%clk 0:10:12]} Ba4 {[%clk 0:09:08]} 55. Kc5 {[%clk 0:09:25]} f4
{[%clk 0:08:59]} 56. gxf4 {[%clk 0:09:51]} gxf4 {[%clk 0:09:20]} 57. Kb6
{[%clk 0:09:10]} f3 {[%clk 0:08:05]} 58. d7 {[%clk 0:09:26]} Ke5 1-0